000 00594nam a22002417a 4500
003 UA-OsUOA
001 22765
007 ta
008 20031224b un ||||| |||| 00| 0 ukr d
100 _aКрывелев И. А.
090 _a22 (091)
_bК85
942 _cBK
040 _aUA-OsUOA
_brus
_cUA-OsUOA
_dUA-OsUOA
245 _aБиблия: историко-критический анализ
300 _a255 с.
955 _a0
041 _arus
080 _a22 (091)
260 _aМосква
_bПолитиздат
_c1982
044 _aRU
650 7 _2UDC
999 _c308994
_d308994